Planning policy guidance note three (Record no. 100279)

MARC details
000 -LEADER
fixed length control field 01304cam a2200289 4500
008 - FIXED-LENGTH DATA ELEMENTS--GENERAL INFORMATION
fixed length control field 000000n2000 000 0 eng u
020 ## - INTERNATIONAL STANDARD BOOK NUMBER
International Standard Book Number 011753546X
035 ## - SYSTEM CONTROL NUMBER
System control number (Sirsi) u104792
110 ## - MAIN ENTRY--CORPORATE NAME
Corporate name or jurisdiction name as entry element United Kingdom
Subordinate unit Department of the Environment, Transport and the Regions
9 (RLIN) 3507
245 ## - TITLE STATEMENT
Title Planning policy guidance note three
Remainder of title housing
260 ## - PUBLICATION, DISTRIBUTION, ETC.
Place of publication, distribution, etc. London
Name of publisher, distributor, etc. Stationery Office
Date of publication, distribution, etc. 2000
300 ## - PHYSICAL DESCRIPTION
Extent 29p.
Dimensions 30cm.
350 ## - PRICE (NR) (BK AM CF MU VM SE) [OBSOLETE]
Price 7
490 ## - SERIES STATEMENT
Series statement PPG
Volume/sequential designation 3
520 ## - SUMMARY, ETC.
Summary, etc. Guidance note setting out government policies for decent and affordable housing in both urban and rural areas. Suggests greater use of brownfield land within existing towns and cities to ensure sustainable development and Promotes good quality design to encourage urban regeneration.
520 ## - SUMMARY, ETC.
Summary, etc. Superseded by "Planning Policy Statement 3 (PPS3): housing" (ISBN 0117539767).
520 ## - SUMMARY, ETC.
Summary, etc. Supersedes 1996 edition.
650 ## - SUBJECT ADDED ENTRY--TOPICAL TERM
Topical term or geographic name entry element PPG3
650 ## - SUBJECT ADDED ENTRY--TOPICAL TERM
Topical term or geographic name entry element HOUSING
650 ## - SUBJECT ADDED ENTRY--TOPICAL TERM
Topical term or geographic name entry element PLANNING POLICY GUIDANCE NOTES
650 ## - SUBJECT ADDED ENTRY--TOPICAL TERM
Topical term or geographic name entry element DEVELOPMENT
650 ## - SUBJECT ADDED ENTRY--TOPICAL TERM
Topical term or geographic name entry element RESIDENTIAL DEVELOPMENT
650 ## - SUBJECT ADDED ENTRY--TOPICAL TERM
Topical term or geographic name entry element Affordable housing
9 (RLIN) 6215
690 ## - LOCAL SUBJECT ADDED ENTRY--TOPICAL TERM (OCLC, RLIN)
Topical term or geographic name as entry element PLANNING LAW AND PRACTICE
856 ## - ELECTRONIC LOCATION AND ACCESS
Uniform Resource Identifier <a href="https://www.communities.gov.uk/archived/publications/planningandbuilding/planningpolicyguidance">https://www.communities.gov.uk/archived/publications/planningandbuilding/planningpolicyguidance</a>
Public note View the guidance note at www.communities.gov.uk...
942 ## - ADDED ENTRY ELEMENTS (KOHA)
Suppress in OPAC 0
Holdings
Withdrawn status Lost status Source of classification or shelving scheme Damaged status Not for loan Home library Current library Shelving location Date acquired Cost, normal purchase price Total Checkouts Full call number Barcode Date last seen Date last checked out Copy number Cost, replacement price Price effective from Koha item type
    Dewey Decimal Classification     London London Basement 04/04/2000 7.00 19 BASEMENT 30060991 06/08/2019 01/11/2004 2 7.00 06/08/2019 Book
    Dewey Decimal Classification     Virtual Virtual Online 17/03/2005     ONLINE PUBLICATION 104792-2001 06/08/2019   1   06/08/2019 Book